Protective coatings for metals (Record no. 548667)
[ view plain ]
| 000 -LEADER | |
|---|---|
| fixed length control field | 00503cam a22001571 4500 |
| 082 ## - DEWEY DECIMAL CLASSIFICATION NUMBER | |
| Classification number | 671.73 |
| Author Mark | GAI |
| -- | L-17, P-46 |
| 100 1# - MAIN ENTRY--PERSONAL NAME | |
| Personal name | Gailer, John William. |
| 9 (RLIN) | 45056 |
| 245 00 - TITLE STATEMENT | |
| Title | Protective coatings for metals |
| Statement of responsibility, etc. | [by] J. W. Gailer and E. J. Vaughan. |
| 260 ## - PUBLICATION, DISTRIBUTION, ETC. | |
| Place of publication, distribution, etc. | London, |
| Name of publisher, distributor, etc. | C. Griffin, |
| Date of publication, distribution, etc. | 1950. |
| 300 ## - PHYSICAL DESCRIPTION | |
| Extent | xiv, 261 p. |
| Other physical details | illus. |
| Dimensions | 23 cm. |
| 526 ## - STUDY PROGRAM INFORMATION NOTE | |
| Program name | 0 |
| Interest level | 0 |
| Reading level | 0 |
| Title point value | 671_730000000000000_GAI |
| 650 #0 - SUBJECT ADDED ENTRY--TOPICAL TERM | |
| Topical term or geographic name entry element | MCE |
| 9 (RLIN) | 379 |
| 650 #0 - SUBJECT ADDED ENTRY--TOPICAL TERM | |
| Topical term or geographic name entry element | Protective coatings. |
| 9 (RLIN) | 21287 |
| 700 1# - ADDED ENTRY--PERSONAL NAME | |
| Personal name | Vaughan, Ernest James, |
| 9 (RLIN) | 45057 |
| 942 ## - ADDED ENTRY ELEMENTS (KOHA) | |
| Source of classification or shelving scheme | |
| Koha item type | Book |
| Withdrawn status | Lost status | Source of classification or shelving scheme | Damaged status | Not for loan | Permanent Location | Current Location | Date acquired | Total Checkouts | Full call number | Barcode | Date last seen | Price effective from | Koha item type |
|---|---|---|---|---|---|---|---|---|---|---|---|---|---|
| Military College of Engineering (MCE) | Military College of Engineering (MCE) | 09/04/2014 | 671.73 GAI | MCE-41174 | 09/04/2014 | 09/04/2014 | Book |
